| 000 -LEADER |
| fixed length control field |
00422cam a22001337a 4500 |
| 008 - FIXED-LENGTH DATA ELEMENTS--GENERAL INFORMATION |
| fixed length control field |
180718b1968 xxu||||| |||| 00| 0 eng d |
| 082 ## - DEWEY DECIMAL CLASSIFICATION NUMBER |
| Classification number |
A75 M264J |
| 245 ## - TITLE STATEMENT |
| Title |
Madhya Pradesh district gazetteers: Jabalpur |
| Statement of responsibility, etc. |
edited by P.N. Shrivastav |
| 260 ## - PUBLICATION, DISTRIBUTION, ETC. |
| Place of publication, distribution, etc. |
Bhopal |
| Name of publisher, distributor, etc. |
District Gazetteers Department |
| Date of publication, distribution, etc. |
1968 |
| 300 ## - PHYSICAL DESCRIPTION |
| Extent |
806+p. |
| 500 ## - GENERAL NOTE |
| General note |
Library also has supplement |
| 650 ## - SUBJECT ADDED ENTRY--TOPICAL TERM |
| Topical term or geographic name entry element |
Jabalpur - Gazetteers |
| 700 ## - ADDED ENTRY--PERSONAL NAME |
| Personal name |
Shrivastav, P.N. |